O myšlení

Na minha lista:
Detalhes bibliográficos
Autor principal: Tenzer, Oliver
Outros Autores: Pstružina, Karel, Vaněk, Jiří
Formato: Livro
Idioma:tcheco
Publicado em: Praha Ústředí vědeckých, technických a ekonomických informací 1988
Edição:1. vyd.
Tags: Adicionar Tag
Sem tags, seja o primeiro a adicionar uma tag!

MARC

LEADER 00000nam a2200000 4500
001 c039217
005 20221219085440.8
041 0 |a cze 
044 |a CZ 
245 1 0 |a O myšlení  |c Oliver Tenzer, Karel Pstružina, Jiří Vaněk 
250 |a 1. vyd. 
264 1 |a Praha  |b Ústředí vědeckých, technických a ekonomických informací  |c 1988 
300 |a 99 s. 
100 1 |a Tenzer, Oliver 
700 1 |a Pstružina, Karel 
700 1 |a Vaněk, Jiří